00361nam a2200097 a 4500008004100000050002200041100002600063245006800089260009700157350000900254080516s1998 ||||||||||||||||| || u aCBU-UG THESIS/MUS aMusambachime, Kalumba10aMonetary policy and its effects on building societies in Zambia aKitwe.bCopperbelt University, School of Built Environment, Department of Land Economyc1998 a0.00